電化されているJR路線(サドンデス) - Statistics

General Stats
  • This quiz has been taken 217 times
  • The average score is 8 of 14
Answers on the Grid
Answers color-coded by a green-red scale on the quiz's grid according to % correct below.
札沼線
石勝線
大湊線
山田線
石巻線
仙山線
男鹿線
左沢線
水郡線
水戸線
烏山線
上越線
五日市線
白新線
小海線
太多線
氷見線
七尾線
湖西線
舞鶴線
桜井線
加古川線
姫新線
宇野線
芸備線
山口線
鳴門線
予土線
篠栗線
日田彦山線
唐津線
佐世保線
久大本線
豊肥本線
三角線
肥薩線
 
Answer Stats
Answer % Correct
湖西線
75%
札沼線
71%
水戸線
69%
五日市線
67%
上越線
63%
仙山線
61%
加古川線
60%
桜井線
58%
白新線
56%
七尾線
56%
宇野線
53%
舞鶴線
52%
佐世保線
44%
篠栗線
42%
No matching quizzes found
Score Distribution
Percent of People with Each Score
Percentile by Number Answered
Your Score History
You have not taken this quiz